000 01077nam0a22002651 4500
001 rc\1183695
005 20260407102612.0
035 _a(NLR Aleph) 006425617
090 _a5494925
_c5494925
100 _a20041129d1980 |||y0rusy50 ca
101 0 _arus
102 _aRU
105 _aa |||||||||
200 1 _aНеравновесные течения газа с физико-химическими превращениями
_e[Сб. статей]
_fМГУ им. М.В. Ломоносова, Ин-т механики
_gПод ред. Г.Г. Черного, В.А. Левина
210 _aМ.
_cИзд-во МГУ
_d1980
215 _a99 с.
_cграф.
_d27
320 _aБиблиогр. в конце статей
702 1 _4340
_7ca
_8rus
_aЧёрный
_bГ. Г.
_f1923-2012
_gГоримир Горимирович
_9245321
_3RU\NLR\AUTH\770245377
712 0 2 _aНИИ механики
_cМосква
_3RU\NLR\AUTH\889930927
_9357328
801 0 _aRU
_bNLR
_gpsbo
801 1 _aRU
_bELAR
_2rusmarc
852 _aNLR
_j80-7/1321
942 _cBOOK
980 _aNB